| 000 | 00552nam a2200229 a 4500 | ||
|---|---|---|---|
| 001 | nice12345678 | ||
| 003 | IN_TiNIC | ||
| 005 | 20260116011414.0 | ||
| 008 | 070726s1993 chea grp 000 0 eng | ||
| 020 |
_a _c100 |
||
| 082 | 0 | 0 |
_a294.3927 _bNUK |
| 100 | _aNukariya, Kaiten | ||
| 245 | _aReligion of the Samurai | ||
| 260 |
_aChennai _bLilly Soosai Opset _c1993 |
||
| 300 | _a253p | ||
| 500 | _aincludes index and biblioraphy | ||
| 650 | _aBuddhism-Zen | ||
| 700 | 1 | _aNukariya, Kaiten | |
| 902 | _bSRS | ||
| 942 | _cBK | ||
| 999 |
_c1239 _d1239 |
||